Statistics for Countries with the Highest Risk of Natural Disaster

Click here to take the quiz!

General Stats

  • This quiz has been taken 31 times
  • The average score is 9 of 21

Answer Stats

ScoreCountry% Correct
13.0Japan
86%
26.7Philippines
83%
11.7Haiti
69%
12.5Vietnam
62%
13.2Fiji
59%
16.1El Salvador
45%
19.9Guatemala
45%
29.3Tonga
45%
19.2Bangladesh
41%
11.8Jamaica
41%
36.3Vanuatu
41%
16.6Cambodia
38%
17.0Costa Rica
38%
16.4Papua New Guinea
38%
19.1Solomon Islands
38%
14.6Nicaragua
31%
17.0Brunei
21%
15.7East Timor
17%
13.6Guinea-Bissau
14%
12.1Gambia
10%
15.5Mauritius
10%

Score Distribution

Percentile by Number Answered

Percent of People with Each Score

Your Score History

You have not taken this quiz